Community Quiz #2 (Multiple Choice) - Statistics

General Stats
  • This quiz has been taken 1,127 times
  • The average score is 11 of 20
Answer Stats
Question Answer % Correct
In Season 4, it's revealed that Jeff bears a striking resemblance to which sci-fi villain? Thoraxis
93%
What does Leonard change his last name to? Rodriguez
81%
Speaking of punching, Abed says he wants to punch people when they ______." Chew gum
79%
Which character saw Jeff and Annie kiss outside the dance? Leonard
78%
In "Basic Lupine Urology," which character was in charge of watering the study group's yam? Pierce
78%
When Dean Pelton is filming his Greendale commercial, what role does Garrett play? Microscope
73%
When Frankie "busts" the Greendale Community College speakeasy, she brings a troop of old-timey cops and one man wearing a ______ costume. Carrot
72%
When Britta and Subway were recorded on a listening device, where was it hidden? Lipstick
65%
Which of the following side characters is a fan of Inspector Spacetime? Officer Cackowski
65%
When the Dean is learning Excel, he causes the cafeteria to serve what food for a week straight? Meatballs
63%
As depicted on Elroy's shirt, which year do the students' emails get leaked? 2015
56%
According to Abed, how many bagels dropped on the floor? 13
51%
In the S3 premier's opening musical number, which character sings "We're gonna seem like a mainstream dream?" Dean Pelton
49%
Britta messes up a lot of terms and phrases in the show. Which of the following is NOT one of them? Fraggle Rock
45%
What year does Britta get her iPod? 2014
39%
Who does Jeff call "the heart of this group?" Britta
36%
In "GI Jeff," which character's alter-ego is Overkill? Chang
36%
In S5 "Basic Story," which character receives a Subway Black Card? Jeff
34%
Which character dies first when they are playing Cornelius Hawthorne's video game? Annie
33%
In Season 6, which character says "I'm going to punch you in the heart!" Chang
23%
No matching quizzes found
Score Distribution
Percent of People with Each Score
Percentile by Number Answered
Your Score History
You have not taken this quiz